LEADER 01133nam a2200253 i 4500 001 000000212167 003 CaOOAMICUS 005 20160830000000.0 008 160830s2003 it u000 u ita u 013 $a190997 020 $a88-8272-145-0 040 $aSeMil$bita 100 1 $aGrygiel, Ludmi?a.$0(OLS)http://semarc/name/62712 245 10$aMisericordia divina per il mondo intero :$bla mistica s. Faustina Kowalska /$cLudmila Grygiel ; introduzione di Camillo Ruini. 260 $aSiena :$bCantagalli,$c2003. 300 $a413 p. ;$c21 cm. 650 4$aFaustina : Kowalska .$0(OLS)http://semarc/subject/15385 700 1 $aRuini, Camillo,$c.$0(OLS)http://semarc/name/7198 850 $aSeMil 852 $aSeMil$W1$xVenegono$y1$m3H III 464$j162602$B162602$CSeMilBibl$Z2$F213717 $81 961 $aOmaggio: Villa mons. Luigi 996 $6020$a88-8272-145-0$9(OLS)http://semarc/number/207611 996 $6245$aMisericordia divina per il mondo intero :$bla mistica s. Faustina Kowalska$9(OLS)http://semarc/title/306371 996 $6260$aSiena :$bCantagalli$9(OLS)http://semarc/publisher/29767 LEADER 00807nam a2200217 i 4500 001 000000065650 003 CaOOAMICUS 005 20140922000000.0 008 140922s1926 xx u000 u mul u 013 $a36822 040 $aSeMil$bita 245 10$aItaliano, francese, inglese. 250 $a3. ed. aumentata di oltre 5000 termini tecnici. 300 $a727 p. ;$c16 cm. 490 0 $aManuali Hoepli 773 0 $aWebber, Edward$tDizionario tecnico in quattro lingue.$dMilano : Ulrico Hoepli, 1897.$kManuali Hoepli$g1$w()30571 830 0$aManuali Hoepli.$0(OLS)http://semarc/title/7639 850 $aSeMil 852 $aSeMil$W1$xVenegono$y1$m2ZB I 47 FA$j31803$B31803$CSeMilBibl$Z2$F31806 $8I 961 $aOmaggio: Donazione 996 $6245$aItaliano, francese, inglese$9(OLS)http://semarc/title/104231